Antología del grupo poético de 1927

محفوظ في:
التفاصيل البيبلوغرافية
المؤلف الرئيسي: Gaos, Vicente (مؤلف)
التنسيق: كتاب
اللغة:الإسبانية
منشور في: Madrid Cátedra 1983
الطبعة:10a. ed
سلاسل:Letras Hispánicas, 30
الموضوعات:
الوسوم: إضافة وسم
لا توجد وسوم, كن أول من يضع وسما على هذه التسجيلة!

MARC

LEADER 00000nam a2200000 a 4500
001 UCW5457
003 CL-VaPUC
008 910423e19830000SP |||||||||||||||||spa|d
082 0 4 |a 861  |b GAO  |2 21 
100 |a Gaos, Vicente  |e author  |9 449410 
245 1 0 |a Antología del grupo poético de 1927 
250 |a 10a. ed 
300 |a 239 p 
942 |c BK 
945 |d 19910423 00:00:00 
260 |a Madrid  |b Cátedra  |c 1983 
650 0 |a Poesías españolas  |9 265100 
583 |a last modification  |c 19910423 00:00:00  |k Rodrigo Vera 
490 0 |a Letras Hispánicas, 30 
999 |c 218897  |d 218895 
952 |0 0  |1 0  |4 0  |6 861_000000000000000_GAO_1983  |7 0  |8 A  |9 209210  |a BIBEDU  |b BIBEDU  |d 2019-11-15  |i 2769913  |o 861 GAO 1983  |p 2769913  |r 2019-11-15  |w 2019-11-15  |y BK  |k EDU